| 000 | 00508nam a2200169 4500 | ||
|---|---|---|---|
| 001 | 118090 | ||
| 003 | ES-MaACL | ||
| 005 | 20230906191028.0 | ||
| 007 | t| | ||
| 008 | 070214s1907 fr r ||||1| fre d | ||
| 100 | 1 |
_aPellegrin, Jacques. _990058 |
|
| 245 | 1 | 0 |
_aZoologie appliquée en france et aux colonies / _cpar Jacques Pellegrin et Víctor Cayla. |
| 260 |
_aParis : _bDunod, etc., _c1907. |
||
| 300 |
_aXII, 644 p. : _bil ; _c19 cm. |
||
| 700 | 1 |
_aCayla, Víctor. _937208 |
|
| 852 |
_aES-MaACL _jF-2049 |
||
| 999 |
_c118090 _d118090 |
||